Microoptics technology / (Record no. 176978)

000 -LEADER
fixed length control field 01127 a2200241 4500
003 - CONTROL NUMBER IDENTIFIER
control field Nust
005 - DATE AND TIME OF LATEST TRANSACTION
control field 20220802171527.0
010 ## - LIBRARY OF CONGRESS CONTROL NUMBER
LC control number 2005042465
020 ## - INTERNATIONAL STANDARD BOOK NUMBER
International Standard Book Number 0824759214 (alk. paper)
040 ## - CATALOGING SOURCE
Transcribing agency Nust
082 00 - DEWEY DECIMAL CLASSIFICATION NUMBER
Classification number 621.36,BOR
100 1# - MAIN ENTRY--PERSONAL NAME
Personal name Borrelli, Nicholas F.,
9 (RLIN) 58872
245 10 - TITLE STATEMENT
Title Microoptics technology /
Statement of responsibility, etc. Nicholas F. Borrelli.
250 ## - EDITION STATEMENT
Edition statement 2nd ed.
260 ## - PUBLICATION, DISTRIBUTION, ETC.
Place of publication, distribution, etc. New York :
Name of publisher, distributor, etc. Marcel Dekker,
Date of publication, distribution, etc. c2005.
300 ## - PHYSICAL DESCRIPTION
Extent ix, 526 p. :
Other physical details ill. ;
Dimensions 24 cm.
490 1# - SERIES STATEMENT
Series statement Optical engineering ; v. 93
505 ## - FORMATTED CONTENTS NOTE
Formatted contents note Introduction (Page-1), Refractive Elements (Page-11), Gradient Index (Page-69), Diffractive Element Lenses (Page-129), Erect One To One Imaging (Page-165), Two Dimensional Arrays (Page-203), Gratings (Page- 257), Optical Isolators (Page-317), Photonic Crystals (Page-365), Femtosecond-Laser Interaction In Glasses (Page- 439), Negative Refractive Index Materials (Page-489).
650 #0 - SUBJECT ADDED ENTRY--TOPICAL TERM
Topical term or geographic name entry element Telecommunication Engineering.
830 #0 - SERIES ADDED ENTRY--UNIFORM TITLE
Uniform title Optical engineering (Marcel Dekker, Inc.) ;
9 (RLIN) 96335
856 42 - ELECTRONIC LOCATION AND ACCESS
Materials specified Publisher description
Uniform Resource Identifier <a href="http://www.loc.gov/catdir/enhancements/fy0647/2005042465-d.html">http://www.loc.gov/catdir/enhancements/fy0647/2005042465-d.html</a>
942 ## - ADDED ENTRY ELEMENTS (KOHA)
Koha item type Reference
Source of classification or shelving scheme
Holdings
Withdrawn status Lost status Source of classification or shelving scheme Damaged status Not for loan Permanent Location Current Location Shelving location Date acquired Full call number Barcode Date last seen Price effective from Koha item type Public note
          Military College of Signals (MCS) Military College of Signals (MCS) Reference 12/12/2016 621.36,BOR MCS32535 12/08/2016 12/12/2016 Reference Almirah No.20, Shelf No.4
© 2023 Central Library, National University of Sciences and Technology. All Rights Reserved.